Normal view
MARC view
- Food allergy
Entry Topical Term
001 - CONTROL NUMBER
- control field: 111919
003 - CONTROL NUMBER IDENTIFIER
- control field: NUST
005 - DATE AND TIME OF LATEST TRANSACTION
- control field: 20230414124552.0
008 - FIXED-LENGTH DATA ELEMENTS
- fixed length control field: 230414|| aca||aabn | a|a d
040 ## - CATALOGING SOURCE
- Original cataloging agency: NUST
- Transcribing agency: NUST
150 ## - HEADING--TOPICAL TERM
- Topical term or geographic name entry element: Food allergy
- General subdivision: Diet therapy
- General subdivision: Recipes
670 ## - SOURCE DATA FOUND
- Source citation: Work cat.: (NUST)0: Null, Gary. 111918, Good food, good mood :, 1992, c1988.
